000 00271nam a2200121Ia 4500
005 20251218184123.0
008 251218s9999 xx 000 0 und d
020 _a84-313-0768-4
082 _a170/R74
100 _a"Rodríguez Luño, Angel"
245 0 _a ética
942 _cLIB
999 _c94
_d94